100 clics - Communes par Littoral Français - Statistiques

Statistiques générales
  • Ce quiz a été pris 143 fois
  • Le résultat moyen est 77 sur 100
Statistiques - réponses
Hint Réponse % Correct
Porto-Vecchio Méditerranée
93%
Calais Manche / Mer du Nord
91%
Sète Méditerranée
91%
Ajaccio Méditerranée
91%
Dunkerque Manche / Mer du Nord
89%
Marseille Méditerranée
89%
Le Havre Manche / Mer du Nord
88%
Toulon Méditerranée
88%
Antibes Méditerranée
88%
Bastia Méditerranée
88%
Bonifacio Méditerranée
88%
Arcachon Atlantique
87%
Saint-Pierre-d'Oléron Atlantique
87%
Saint-Martin-de-Ré Atlantique
87%
Deauville Manche / Mer du Nord
87%
Cherbourg-en-Cotentin Manche / Mer du Nord
87%
Saint-Valery-sur-Somme Manche / Mer du Nord
87%
Canet-en-Roussillon Méditerranée
87%
Cassis Méditerranée
87%
Fréjus Méditerranée
87%
Saint-Tropez Méditerranée
87%
Cannes Méditerranée
87%
Nice Méditerranée
87%
Menton Méditerranée
87%
La Rochelle Atlantique
86%
Boulogne-sur-Mer Manche / Mer du Nord
86%
Saint-Raphaël Méditerranée
86%
Calvi Méditerranée
86%
Furiani Méditerranée
86%
Cabourg Manche / Mer du Nord
85%
Le Mont-Saint-Michel Manche / Mer du Nord
85%
Le Touquet-Paris-Plage Manche / Mer du Nord
85%
La Ciotat Méditerranée
85%
Propriano Méditerranée
85%
Saint-Nazaire Atlantique
84%
Trouville-sur-Mer Manche / Mer du Nord
84%
Granville Manche / Mer du Nord
84%
Martigues Méditerranée
84%
Saint-Laurent-du-Var Méditerranée
84%
Biarritz Atlantique
82%
Biscarrosse Atlantique
82%
Honfleur Manche / Mer du Nord
82%
Agde Méditerranée
82%
Palavas-les-Flots Méditerranée
82%
Arles Méditerranée
82%
Nouméa Pacifique
82%
Noirmoutier-en-l'Île Atlantique
81%
Saint-Malo Manche / Mer du Nord
81%
Dinard Manche / Mer du Nord
81%
Narbonne Méditerranée
81%
Hyères Méditerranée
81%
Saint-Jean-de-Luz Atlantique
80%
Ouistreham Manche / Mer du Nord
80%
Étretat Manche / Mer du Nord
80%
Hendaye Atlantique
79%
Lacanau Atlantique
79%
Royan Atlantique
79%
Guérande Atlantique
79%
Saint-Denis (La Réunion) Indien
79%
Gravelines Manche / Mer du Nord
79%
Lorient Atlantique
78%
Vannes Atlantique
78%
Fécamp Manche / Mer du Nord
78%
Bora-Bora Pacifique
78%
Papeete Pacifique
78%
La Baule-Escoublac Atlantique
76%
Avranches Manche / Mer du Nord
75%
Fos-sur-Mer Méditerranée
75%
Anglet Atlantique
74%
Saint-Brieuc Manche / Mer du Nord
74%
La Grande-Motte Méditerranée
74%
Carnac Atlantique
73%
Quiberon Atlantique
72%
Concarneau Atlantique
72%
Dzaoudzi Indien
72%
Collioure Méditerranée
72%
Borgo Méditerranée
72%
Cayenne Atlantique
71%
Fort-de-France Atlantique
71%
Mamoudzou Indien
71%
Banyuls-sur-Mer Méditerranée
71%
Bandol Méditerranée
68%
Lannion Manche / Mer du Nord
66%
Miquelon-Langlade Atlantique
65%
Lamballe-Armor Manche / Mer du Nord
65%
Morlaix Manche / Mer du Nord
65%
Basse-Terre Atlantique
64%
Dumbéa Pacifique
64%
Paimpol Manche / Mer du Nord
62%
L'Île-Rousse Méditerranée
62%
Kourou Atlantique
61%
Mimizan Atlantique
60%
Cancale Manche / Mer du Nord
58%
Perros-Guirec Manche / Mer du Nord
58%
Leucate Méditerranée
56%
La Possession Indien
49%
Bénodet Atlantique
47%
Fréhel Manche / Mer du Nord
47%
Zuydcoote Manche / Mer du Nord
45%
Pontaubault Manche / Mer du Nord
26%
Aucun quiz correspondant
Distribution des résultats
% des personnes avec chaque résultat
Percentile par nombre de réponses
Votre historique - résultats
Vous n’avez pas pris ce quiz